Tintin Countries Visited - Sudden Death - Statistics

General Stats
  • This quiz has been taken 66 times
  • The average score is 9 of 20
Answers on the Grid
Answers color-coded by a green-red scale on the quiz's grid according to % correct below.
Australia
Belgium
China
Czech Republic
DRC
Egypt
France
Germany
Iceland
India
Indonesia
Italy
Morocco
Nepal
Peru
Russia
Saudi Arabia
Switzerland
UK
USA
Poland
Pakistan
Japan
Mongolia
Algeria
South Africa
Israel
Türkiye
Afghanistan
Philippines
Iran
Argentina
Kuwait
Jamaica
Mexico
Cyprus
Denmark
Sweden
Bangladesh
Mali
 
Answer Stats
Answer % Correct
USA
74%
Belgium
69%
UK
69%
France
60%
China
57%
India
52%
Russia
52%
DRC
50%
Nepal
48%
Switzerland
48%
Egypt
45%
Peru
45%
Germany
38%
Indonesia
33%
Saudi Arabia
33%
Iceland
31%
Italy
31%
Morocco
31%
Australia
26%
Czech Republic
24%
No matching quizzes found
Score Distribution
Percent of People with Each Score
Percentile by Number Answered
Your Score History
You have not taken this quiz